[Event "BL2-Sued 1213"]
[Site "Germany"]
[Date "2013.03.17"]
[Round "8.4"]
[White "Kovacs, Gabor H"]
[Black "Balzar, Andreas"]
[Result "1-0"]
[WhiteElo "2461"]
[BlackElo "2335"]
[PlyCount "67"]
[EventDate "2012.10.14"]
[EventType "team-tourn"]
[EventRounds "9"]
[EventCountry "GER"]
[SourceTitle "CBM 154 Extra"]
[Source "ChessBase"]
[SourceDate "2013.06.25"]
[SourceVersion "2"]
[SourceVersionDate "2013.06.25"]
[SourceQuality "1"]
[WhiteTeam "Schwegenheim"]
[BlackTeam "Untergrombach"]
[WhiteTeamCountry "GER"]
[BlackTeamCountry "GER"]

1. c4 c6 2. Nf3 d5 3. e3 Nf6 4. b3 Bg4 5. Bb2 Nbd7 6. Be2 e6 7. Nc3 Bd6 8. cxd5 cxd5 9. h3 Bxf3 10. Bxf3 a6 11. 0-0 0-0 12. d4 b5 13. Qd3 b4 14. Na4 Qa5 15. Rfc1 Rfc8 16. Be2 Rc7 17. Rxc7 Qxc7 18. Rc1 Qb8 19. Rc6 Bh2+ 20. Kf1 a5 21. Qb5 Qd8 22. Nc5 Nb8 23. Nb7 Qf8 24. Rc2 h5 25. g3 h4 26. Kg2 hxg3 27. fxg3 Bxg3 28. Kxg3 Ne4+ 29. Kg2 Qe7 30. Bf3 Qg5+ 31. Kh1 Ng3+ 32. Kg2 Qxe3 33. Kxg3 Qg5+ 34. Kf2 1-0

[Event "BL2-Sued 1011"]
[Site "Germany"]
[Date "2011.03.20"]
[Round "8.2"]
[White "Boguslawski, Oleg"]
[Black "Balzar, Andreas"]
[Result "1/2-1/2"]
[WhiteElo "2485"]
[BlackElo "2333"]
[PlyCount "42"]
[EventDate "2010.10.10"]
[EventType "team-tourn"]
[EventRounds "9"]
[EventCountry "GER"]
[SourceTitle "EXT 2012"]
[Source "ChessBase"]
[SourceDate "2011.11.24"]
[SourceVersion "1"]
[SourceVersionDate "2011.11.24"]
[SourceQuality "1"]
[WhiteTeam "Hockenheim"]
[BlackTeam "Untergrombach"]
[WhiteTeamCountry "GER"]
[BlackTeamCountry "GER"]

1. e4 c5 2. Nf3 d6 3. d4 cxd4 4. Nxd4 Nf6 5. Nc3 a6 6. h3 e6 7. g4 d5 8. exd5 Nxd5 9. Nde2 Bc5 10. Bg2 0-0 11. 0-0 Nxc3 12. Nxc3 Qc7 13. Ne4 Be7 14. g5 Nc6 15. c3 e5 16. Qf3 Kh8 17. Be3 Be6 18. Nc5 Bxc5 19. Bxc5 Rfd8 20. Qe3 Rd7 21. Rad1 Rad8 1/2-1/2

[Event "BL2-Sued 0809"]
[Site "Germany"]
[Date "2009.03.15"]
[Round "8.5"]
[White "Balzar, Andreas"]
[Black "Raykhman, Alexander"]
[Result "1-0"]
[WhiteElo "2350"]
[BlackElo "2260"]
[PlyCount "51"]
[EventDate "2008.10.05"]
[EventType "team-tourn"]
[EventRounds "9"]
[EventCountry "GER"]
[SourceTitle "CBM 129 Extra"]
[Source "ChessBase"]
[SourceDate "2009.05.05"]
[SourceVersion "2"]
[SourceVersionDate "2009.05.20"]
[SourceQuality "1"]
[WhiteTeam "Untergrombach"]
[BlackTeam "Neuhausen"]
[WhiteTeamCountry "GER"]
[BlackTeamCountry "GER"]

1. e4 c5 2. Nf3 d6 3. d4 cxd4 4. Nxd4 Nf6 5. Nc3 a6 6. Bc4 e6 7. Bb3 Nbd7 8. f4 Nc5 9. f5 Be7 10. Qf3 Bd7 11. Be3 e5 12. Nde2 Bc6 13. Bd5 Rc8 14. Bxc6+ bxc6 15. Bxc5 dxc5 16. 0-0 0-0 17. b3 Qa5 18. Na4 c4 19. Kh1 Qd2 20. Nb6 Rcd8 21. Nxc4 Qxc2 22. Nxe5 Bd6 23. Rac1 Qxa2 24. Nc4 Rfe8 25. Nd4 Bc7 26. Rc2 1-0

[Event "BL2-Sued 0809"]
[Site "Germany"]
[Date "2008.10.26"]
[Round "2.4"]
[White "Balzar, Andreas"]
[Black "Dann, Matthias"]
[Result "0-1"]
[WhiteElo "2350"]
[BlackElo "2200"]
[PlyCount "126"]
[EventDate "2008.10.05"]
[EventType "team-tourn"]
[EventRounds "9"]
[EventCountry "GER"]
[SourceTitle "CBM 129 Extra"]
[Source "ChessBase"]
[SourceDate "2009.05.05"]
[SourceVersion "2"]
[SourceVersionDate "2009.05.20"]
[SourceQuality "1"]
[WhiteTeam "Untergrombach"]
[BlackTeam "Schott Mainz"]
[WhiteTeamCountry "GER"]
[BlackTeamCountry "GER"]

1. e4 c5 2. Nf3 d6 3. d4 Nf6 4. Nc3 cxd4 5. Nxd4 a6 6. Bc4 e6 7. Bb3 b5 8. Bg5 Be7 9. Qf3 Qc7 10. 0-0-0 Nbd7 11. Rhe1 0-0 12. Qg3 b4 13. Na4 Bb7 14. Bh6 Nh5 15. Qh3 gxh6 16. Qxh5 Bg5+ 17. Kb1 Kh8 18. h4 Bf6 19. Qxh6 Bg7 20. Qd2 Nc5 21. f3 Rab8 22. Ne2 Rfd8 23. Ng3 Bc6 24. Nxc5 dxc5 25. Qg5 h6 26. Qxc5 Qxg3 27. Qxc6 Qe5 28. c3 Rdc8 29. Qd6 bxc3 30. Qxe5 Bxe5 31. bxc3 a5 32. Kc2 a4 33. Rd3 axb3+ 34. axb3 Rb7 35. Rb1 Rbc7 36. c4 Ra8 37. Kd1 Kg7 38. Ke2 Bg3 39. f4 Bxf4 40. Kf3 Be5 41. Rbd1 Rb8 42. Re3 Rb4 43. Rdd3 Ra7 44. Kg4 Ra2 45. g3 Rb7 46. Kh5 Ra5 47. Kg4 Kg6 48. Kf3 Ra2 49. Re2 Ra1 50. Kg4 h5+ 51. Kf3 Rb1 52. Ree3 Rb2 53. c5 Rc2 54. g4 Rxc5 55. gxh5+ Kxh5 56. Rd8 Rc3 57. Rxc3 Bxc3 58. Rd3 Rxb3 59. e5 Ra3 60. Rd7 Kg6 61. h5+ Kxh5 62. Rxf7 Kg5 63. Ke4 Ra4+ 0-1

[Event "BL2-Sued 0708"]
[Site "Germany"]
[Date "2007.12.09"]
[Round "4.4"]
[White "Balzar, Andreas"]
[Black "Postoev Birkenberg, Alexander"]
[Result "1/2-1/2"]
[WhiteElo "2366"]
[BlackElo "2303"]
[PlyCount "99"]
[EventDate "2007.10.21"]
[EventType "team-tourn"]
[EventRounds "9"]
[EventCountry "GER"]
[SourceTitle "EXT 2009"]
[Source "ChessBase"]
[SourceDate "2008.11.26"]
[SourceVersion "1"]
[SourceVersionDate "2008.11.26"]
[SourceQuality "1"]
[WhiteTeam "Untergrombach"]
[BlackTeam "Heidelberg Handschuhsheim"]
[WhiteTeamCountry "GER"]
[BlackTeamCountry "GER"]

1. e4 c5 2. Nf3 d6 3. d4 cxd4 4. Nxd4 Nf6 5. Nc3 a6 6. Bc4 e6 7. Bb3 Nbd7 8. f4 Nc5 9. f5 e5 10. Nde2 Nxb3 11. axb3 h6 12. Ng3 Be7 13. Nh5 Nxh5 14. Qxh5 Bd7 15. Be3 Bc6 16. 0-0-0 Bg5 17. Bxg5 Qxg5+ 18. Qxg5 hxg5 19. Rxd6 Ke7 20. Rd2 Rh4 21. g3 Rh3 22. Nd5+ Bxd5 23. Rxd5 Rah8 24. Rhd1 Rxh2 25. Rd7+ Ke8 26. Rd8+ Ke7 27. R1d7+ Kf6 28. Rd6+ Ke7 29. R8d7+ Ke8 30. Rxb7 R8h6 31. Rxh6 gxh6 32. Rb6 h5 33. Rxa6 Rh3 34. Rh6 h4 35. gxh4 Rxh4 36. Rd6 Ke7 37. Rd3 Rxe4 38. Kd2 Rf4 39. c4 Rxf5 40. c5 e4 41. Rc3 Kd7 42. b4 Rf2+ 43. Ke3 Rxb2 44. Kxe4 Rxb4+ 45. Kf5 g4 46. Rg3 Kc6 47. Rxg4 Kxc5 48. Rxb4 Kxb4 49. Kf6 Kc5 50. Kxf7 1/2-1/2

[Event "BL2-Sued 0607"]
[Site "Germany"]
[Date "2007.03.18"]
[Round "7.4"]
[White "Schaefer, Michael"]
[Black "Balzar, Andreas"]
[Result "1-0"]
[WhiteElo "2195"]
[BlackElo "2360"]
[PlyCount "87"]
[EventDate "2006.10.15"]
[EventType "team-tourn"]
[EventRounds "9"]
[EventCountry "GER"]
[SourceTitle "EXT 2008"]
[Source "ChessBase"]
[SourceDate "2007.11.25"]
[SourceVersion "1"]
[SourceVersionDate "2007.11.25"]
[SourceQuality "1"]
[WhiteTeam "Moerlenbach"]
[BlackTeam "Untergrombach"]
[WhiteTeamCountry "GER"]
[BlackTeamCountry "GER"]

1. d4 d5 2. c4 c6 3. Nc3 Nf6 4. e3 a6 5. Bd3 Bg4 6. Nge2 e6 7. Qc2 b5 8. b3 Nbd7 9. 0-0 Bd6 10. e4 b4 11. f3 bxc3 12. fxg4 dxe4 13. Bxe4 Qc7 14. h3 e5 15. c5 Be7 16. b4 0-0 17. Bf3 a5 18. g5 Nd5 19. Bxd5 cxd5 20. Nxc3 exd4 21. Nxd5 Qd8 22. c6 Nb6 23. Nxe7+ Qxe7 24. b5 Qe5 25. Qd3 Rad8 26. Bf4 Qe7 27. Rfe1 Qa7 28. Rac1 Nd5 29. Bg3 Nc3 30. Bf2 Qb8 31. a4 Qd6 32. Bg3 Qb4 33. c7 Rc8 34. Be5 Nxa4 35. Rb1 Qc5 36. b6 Nxb6 37. Bxd4 Qd5 38. Re5 Qd6 39. Rxb6 Qd7 40. Rc5 Rxc7 41. Qc3 Rxc5 42. Bxc5 Rc8 43. Qe5 Rd8 44. Rd6 1-0

[Event "Bundesliga 0506"]
[Site "Germany"]
[Date "2006.01.28"]
[Round "8.8"]
[White "Tischbierek, Raj"]
[Black "Balzar, Andreas"]
[Result "1-0"]
[WhiteElo "2466"]
[BlackElo "2374"]
[PlyCount "41"]
[EventDate "2005.10.21"]
[EventType "team-tourn"]
[EventRounds "15"]
[EventCountry "GER"]
[SourceTitle "CBM 111"]
[Source "ChessBase"]
[SourceDate "2006.04.04"]
[SourceVersion "1"]
[SourceVersionDate "2006.04.04"]
[SourceQuality "1"]
[WhiteTeam "Kreuzberg"]
[BlackTeam "Eppingen"]
[WhiteTeamCountry "GER"]
[BlackTeamCountry "GER"]

1. e4 c5 2. Nc3 d6 3. Nge2 a6 4. h3 e6 5. g4 b5 6. Bg2 Bb7 7. Ng3 Ne7 8. 0-0 Ng6 9. d3 Be7 10. f4 Nh4 11. Bh1 0-0 12. g5 b4 13. Qg4 bxc3 14. Qxh4 f6 15. bxc3 fxg5 16. Qg4 Qd7 17. f5 exf5 18. Nxf5 Bc8 19. Bxg5 Bf6 20. e5 Bxg5 21. Qxg5 1-0

[Event "BL2-Sued 0304"]
[Site "Germany"]
[Date "2004.??.??"]
[Round "?.5"]
[White "Balzar, Andreas"]
[Black "Biebinger, Gerhard"]
[Result "1-0"]
[WhiteElo "2360"]
[BlackElo "2340"]
[PlyCount "79"]
[EventDate "2003.10.??"]
[EventType "team-tourn"]
[EventRounds "9"]
[EventCountry "GER"]
[SourceTitle "CBM 100 Extra"]
[Source "ChessBase"]
[SourceDate "2004.07.06"]
[SourceVersion "2"]
[SourceVersionDate "2004.07.06"]
[SourceQuality "1"]
[WhiteTeam "Eppingen"]
[BlackTeam "Kirchheim"]
[WhiteTeamCountry "GER"]
[BlackTeamCountry "GER"]

1. e4 e6 2. d4 d5 3. Nc3 Bb4 4. e5 b6 5. a3 Bf8 6. Bb5+ Bd7 7. Bd3 c5 8. Nf3 Nc6 9. 0-0 c4 10. Be2 a6 11. Bg5 Qc7 12. h3 h6 13. Bf4 Nge7 14. Qd2 b5 15. Bd1 0-0-0 16. b3 Kb7 17. Be2 Ka7 18. a4 b4 19. Nb5+ axb5 20. axb5+ Kb8 21. bxc6 c3 22. Qd3 Bxc6 23. Ra2 Nc8 24. Rfa1 Rd7 25. Qd1 Be7 26. Ne1 Qd8 27. Ra6 Bb7 28. R6a5 Qb6 29. Rb5 Qc6 30. Ra2 Nb6 31. Rba5 Qc8 32. Bb5 Rc7 33. Nd3 g5 34. Be3 h5 35. Nc5 g4 36. Bc6 Qd8 37. Bxb7 Rxb7 38. Nxb7 Kxb7 39. Ra7+ Kc6 40. R2a6 1-0

[Event "BL2-Sued 0304"]
[Site "Germany"]
[Date "2004.??.??"]
[Round "?.5"]
[White "Balzar, Andreas"]
[Black "Gasthofer, Viktor"]
[Result "0-1"]
[WhiteElo "2360"]
[BlackElo "2295"]
[PlyCount "92"]
[EventDate "2003.10.??"]
[EventType "team-tourn"]
[EventRounds "9"]
[EventCountry "GER"]
[SourceTitle "CBM 100 Extra"]
[Source "ChessBase"]
[SourceDate "2004.07.06"]
[SourceVersion "2"]
[SourceVersionDate "2004.07.06"]
[SourceQuality "1"]
[WhiteTeam "Eppingen"]
[BlackTeam "Bad Mergentheim"]
[WhiteTeamCountry "GER"]
[BlackTeamCountry "GER"]

1. e4 e6 2. d4 d5 3. Nc3 Bb4 4. e5 c5 5. a3 Bxc3+ 6. bxc3 Ne7 7. Qg4 Kf8 8. h4 Qa5 9. Bd2 Qa4 10. Ra2 Nbc6 11. Nf3 b6 12. Bd3 cxd4 13. h5 h6 14. Rh3 Ba6 15. Nxd4 Nxd4 16. cxd4 Nf5 17. Qf4 Ke8 18. g4 Bxd3 19. Rxd3 Ne7 20. Rb2 Rc8 21. Bb4 Rc4 22. Rbb3 Nc6 23. Rf3 Nd8 24. Rbc3 a5 25. Rxc4 dxc4 26. Bd6 Qxc2 27. Kf1 Kd7 28. Kg2 Re8 29. Re3 Qa4 30. g5 Qc6+ 31. Kh2 hxg5 32. Qxg5 Rh8 33. d5 exd5 34. Qf5+ Ke8 35. Qg5 Qd7 36. Qxg7 Rxh5+ 37. Kg1 Qe6 38. Qf8+ Kd7 39. Rg3 Qe8 40. Qg7 Qh8 41. Qg4+ Ne6 42. Qf3 Qh7 43. Kg2 Kc6 44. Rg4 Rh2+ 45. Kg1 Rh3 46. Rxc4+ Kd7 0-1

[Event "BL2-Sued 0304"]
[Site "Germany"]
[Date "2004.??.??"]
[Round "?.5"]
[White "Boguslawski, Oleg"]
[Black "Balzar, Andreas"]
[Result "1-0"]
[WhiteElo "2340"]
[BlackElo "2360"]
[PlyCount "148"]
[EventDate "2003.10.??"]
[EventType "team-tourn"]
[EventRounds "9"]
[EventCountry "GER"]
[SourceTitle "CBM 100 Extra"]
[Source "ChessBase"]
[SourceDate "2004.07.06"]
[SourceVersion "2"]
[SourceVersionDate "2004.07.06"]
[SourceQuality "1"]
[WhiteTeam "Viernheim"]
[BlackTeam "Eppingen"]
[WhiteTeamCountry "GER"]
[BlackTeamCountry "GER"]

1. e4 c5 2. Nf3 d6 3. d4 cxd4 4. Nxd4 Nf6 5. Nc3 a6 6. Be2 e5 7. Nf3 h6 8. 0-0 Be6 9. Re1 Be7 10. Bf1 0-0 11. h3 Nbd7 12. b3 Re8 13. Bb2 Qc7 14. a4 b6 15. Nd2 Qc6 16. Qf3 Nh7 17. Nc4 f5 18. exf5 Qxf3 19. gxf3 Bxf5 20. Ne3 Be6 21. Ncd5 Bd8 22. f4 Nhf6 23. Rad1 Nh5 24. Bg2 Rb8 25. Nc4 Be7 26. Nc7 Bxc4 27. Nxe8 Rxe8 28. fxe5 Be6 29. exd6 Bf6 30. Bxf6 Ndxf6 31. Kh2 Kf7 32. Bb7 a5 33. Rd2 Rb8 34. Rde2 Rxb7 35. Rxe6 Ng8 36. Re8 Nhf6 37. Rc8 Rd7 38. Rc6 Ne8 39. Rxb6 Nxd6 40. Rd1 Ke7 41. c4 Nf6 42. f3 Nf5 43. Rxd7+ Nxd7 44. Rb5 Nd4 45. Rxa5 Nxb3 46. Rd5 Nbc5 47. a5 Na6 48. Kg3 Nc7 49. Rd1 Nc5 50. Rb1 Nd7 51. Kf4 g6 52. Rg1 Kf6 53. Ra1 Na6 54. Rb1 Ke6 55. h4 Nc7 56. Ke4 g5 57. hxg5 hxg5 58. Kd4 Kd6 59. Rh1 Nc5 60. Rh6+ N7e6+ 61. Kc3 Kc6 62. Rh1 Nc7 63. Rb1 Nd7 64. Kd4 Kd6 65. Ke4 Ke6 66. Rb2 Na6 67. Kd4 Kd6 68. Rg2 Ne5 69. Rb2 Nd7 70. Rb5 Nc7 71. Rf5 Ne6+ 72. Ke3 Ndc5 73. Rd5+ Kc6 74. Re5 Kd6 1-0

[Event "BL2-Sued 0203"]
[Site "Germany"]
[Date "2003.03.09"]
[Round "8.4"]
[White "Balzar, Andreas"]
[Black "Duer, Werner"]
[Result "0-1"]
[WhiteElo "2381"]
[BlackElo "2285"]
[PlyCount "121"]
[EventDate "2002.10.20"]
[EventType "team-tourn"]
[EventRounds "9"]
[EventCountry "GER"]
[SourceTitle "EXT 2004"]
[Source "ChessBase"]
[SourceDate "2003.11.25"]
[SourceVersion "1"]
[SourceVersionDate "2003.11.25"]
[SourceQuality "1"]
[WhiteTeam "Eppingen"]
[BlackTeam "Pang/Rosenheim"]
[WhiteTeamCountry "GER"]
[BlackTeamCountry "GER"]

1. e4 c6 2. Nc3 d5 3. Nf3 Bg4 4. h3 Bxf3 5. Qxf3 Nf6 6. d3 e6 7. Bd2 Nbd7 8. g4 g6 9. Bg2 Bg7 10. Qe2 d4 11. Nd1 e5 12. f4 exf4 13. Bxf4 Qa5+ 14. Bd2 Qc7 15. 0-0 0-0 16. Bf4 Ne5 17. Nf2 Qe7 18. Nh1 Nfd7 19. Qd2 c5 20. Rf2 c4 21. Bf1 Rac8 22. Ng3 c3 23. bxc3 dxc3 24. Qc1 Nc6 25. Ne2 Nd4 26. Be3 Qd6 27. Bg2 Nxe2+ 28. Rxe2 Bd4 29. Kh1 Ne5 30. Rb1 b6 31. Bh6 Rfd8 32. Re1 Rc5 33. Rf1 Nc6 34. Bg5 f6 35. Bf4 Be5 36. Be3 Nd4 37. Qd1 Ra5 38. Ra1 Rb5 39. Bc1 Rb2 40. Bxb2 cxb2 41. Rb1 Nb5 42. Qf3 Na3 43. d4 Bxd4 44. Qb3+ Kg7 45. Rxb2 Bxb2 46. Qxb2 Nc4 47. Qc3 Ne5 48. g5 fxg5 49. Bf3 Qd4 50. Qa3 Qd7 51. Kg2 Nc4 52. Qb3 Qd4 53. Re1 Nd2 54. Qa3 Rf8 55. Re3 Nxf3 56. Rxf3 Qd2+ 57. Kg3 Qe1+ 58. Kg2 Qe2+ 59. Kg3 Rxf3+ 60. Qxf3 Qxf3+ 61. Kxf3 0-1

[Event "BL2-Sued 0304"]
[Site "Germany"]
[Date "2003.??.??"]
[Round "?.5"]
[White "Heinzel, Olaf"]
[Black "Balzar, Andreas"]
[Result "1-0"]
[WhiteElo "2355"]
[BlackElo "2360"]
[PlyCount "53"]
[EventDate "2003.10.??"]
[EventType "team-tourn"]
[EventRounds "9"]
[EventCountry "GER"]
[SourceTitle "CBM 100 Extra"]
[Source "ChessBase"]
[SourceDate "2004.07.06"]
[SourceVersion "2"]
[SourceVersionDate "2004.07.06"]
[SourceQuality "1"]
[WhiteTeam "Bayern Muenchen"]
[BlackTeam "Eppingen"]
[WhiteTeamCountry "GER"]
[BlackTeamCountry "GER"]

1. d4 d5 2. Nf3 Nf6 3. Bf4 Bg4 4. Ne5 Bf5 5. e3 c6 6. g4 Be6 7. Nd2 g6 8. Bd3 Nbd7 9. h3 Nxe5 10. Bxe5 Bg7 11. f4 0-0 12. f5 Bd7 13. Qf3 c5 14. c3 c4 15. Bc2 Be8 16. h4 h6 17. g5 Nh7 18. Bxg7 Kxg7 19. gxh6+ Kxh6 20. fxg6 fxg6 21. Qg2 e6 22. 0-0-0 Qf6 23. Rdf1 Qe7 24. Nf3 Rg8 25. Ne5 Rc8 26. Qg3 Nf8 27. h5 1-0

[Event "BL2-Sued 0102"]
[Site "Germany"]
[Date "2002.02.24"]
[Round "6.5"]
[White "Wockenfuss, Klaus"]
[Black "Balzar, Andreas"]
[Result "1/2-1/2"]
[WhiteElo "2310"]
[BlackElo "2362"]
[PlyCount "55"]
[EventDate "2001.10.07"]
[EventType "team-tourn"]
[EventRounds "9"]
[EventCountry "GER"]
[SourceTitle "CBM 088 Extra"]
[Source "ChessBase"]
[SourceDate "2002.07.01"]
[SourceVersion "2"]
[SourceVersionDate "2002.07.01"]
[SourceQuality "1"]
[WhiteTeam "Bayern Muenchen"]
[BlackTeam "Eppingen"]
[WhiteTeamCountry "GER"]
[BlackTeamCountry "GER"]

1. d4 d5 2. Nf3 Nf6 3. c4 c6 4. Qc2 e6 5. Bf4 dxc4 6. Qxc4 b5 7. Qc2 Bb7 8. Nbd2 Nbd7 9. e3 Qb6 10. Be2 Be7 11. a4 a6 12. Ne5 0-0 13. 0-0 Nxe5 14. Bxe5 Nd7 15. Bg3 c5 16. dxc5 Nxc5 17. axb5 axb5 18. Rxa8 Rxa8 19. Bf3 Bxf3 20. Nxf3 h6 21. Rd1 Qa6 22. h3 b4 23. Be5 Qa4 24. Qe2 Qa6 25. Qc2 Qa4 26. Qe2 b3 27. Bd4 Nb7 28. Ne5 1/2-1/2

[Event "BL2-Sued 0102"]
[Site "Germany"]
[Date "2002.01.20"]
[Round "4.5"]
[White "Kienast, Joerg"]
[Black "Balzar, Andreas"]
[Result "0-1"]
[WhiteElo "2206"]
[BlackElo "2362"]
[PlyCount "38"]
[EventDate "2001.10.07"]
[EventType "team-tourn"]
[EventRounds "9"]
[EventCountry "GER"]
[SourceTitle "CBM 088 Extra"]
[Source "ChessBase"]
[SourceDate "2002.07.01"]
[SourceVersion "2"]
[SourceVersionDate "2002.07.01"]
[SourceQuality "1"]
[WhiteTeam "Schott Mainz"]
[BlackTeam "Eppingen"]
[WhiteTeamCountry "GER"]
[BlackTeamCountry "GER"]

1. e4 c5 2. Nf3 d6 3. c3 Nf6 4. h3 Nc6 5. Bd3 d5 6. exd5 Qxd5 7. Qe2 e6 8. 0-0 Be7 9. Re1 0-0 10. Na3 b6 11. Nc2 Bb7 12. Ne3 Qd8 13. Bc2 Rc8 14. b3 Nd5 15. Bb2 Nf4 16. Qc4 Bd6 17. Qf1 Ne7 18. Ng4 Bxf3 19. gxf3 Neg6 0-1

[Event "Feffernitz Raika op 10th"]
[Site "Feffernitz"]
[Date "2001.08.26"]
[Round "9"]
[White "Balzar, Andreas"]
[Black "Neulinger, Manfred"]
[Result "1/2-1/2"]
[WhiteElo "2362"]
[BlackElo "2348"]
[PlyCount "33"]
[EventDate "2001.08.19"]
[EventType "swiss"]
[EventRounds "9"]
[EventCountry "AUT"]
[SourceTitle "EXT 2002"]
[Source "ChessBase"]
[SourceDate "2001.11.25"]
[SourceVersion "1"]
[SourceVersionDate "2001.11.25"]
[SourceQuality "1"]

1. e4 c6 2. Nc3 d5 3. Nf3 dxe4 4. Nxe4 Nf6 5. Nxf6+ gxf6 6. Bc4 Qc7 7. d4 Bg4 8. h3 Bh5 9. Qe2 Nd7 10. Bd2 0-0-0 11. 0-0-0 e6 12. Bb3 Nb6 13. Kb1 Nd5 14. g4 Bg6 15. Nh4 Nf4 16. Qe3 Bd6 17. Qf3 1/2-1/2

[Event "Feffernitz Raika op 10th"]
[Site "Feffernitz"]
[Date "2001.08.20"]
[Round "3"]
[White "Balzar, Andreas"]
[Black "Mitter, Gerd"]
[Result "1-0"]
[WhiteElo "2362"]
[BlackElo "2188"]
[PlyCount "93"]
[EventDate "2001.08.19"]
[EventType "swiss"]
[EventRounds "9"]
[EventCountry "AUT"]
[SourceTitle "EXT 2002"]
[Source "ChessBase"]
[SourceDate "2001.11.25"]
[SourceVersion "1"]
[SourceVersionDate "2001.11.25"]
[SourceQuality "1"]

1. e4 c5 2. Nf3 Nc6 3. d4 cxd4 4. Nxd4 Nf6 5. Nc3 d6 6. Bc4 e6 7. Be3 a6 8. Qe2 Qc7 9. 0-0-0 Be7 10. Bb3 b5 11. Nxc6 Qxc6 12. Bd4 0-0 13. Nd5 Nxd5 14. exd5 Qd7 15. dxe6 fxe6 16. Rhe1 d5 17. Qg4 Bf6 18. Bxf6 Rxf6 19. Rxd5 exd5 20. Qxd7 Bxd7 21. Bxd5+ Kf8 22. Bxa8 Rxf2 23. Be4 g5 24. b3 h5 25. Rd1 Ke7 26. Rd2 Rf4 27. Bd5 a5 28. Kb2 b4 29. a3 h4 30. c3 bxc3+ 31. Kxc3 g4 32. Re2+ Kd6 33. Be4 Rf8 34. Kd4 Rf1 35. b4 Ra1 36. Re3 axb4 37. axb4 Rh1 38. Rb3 Rxh2 39. b5 h3 40. g3 Bc8 41. b6 Ra2 42. b7 Bxb7 43. Rb6+ Kc7 44. Rxb7+ Kd6 45. Rb6+ Kc7 46. Rc6+ Kd7 47. Ke3 1-0

[Event "Bundesliga 0001"]
[Site "Germany"]
[Date "2001.04.29"]
[Round "15.8"]
[White "Schirbel, Andreas"]
[Black "Balzar, Andreas"]
[Result "0-1"]
[WhiteElo "2308"]
[BlackElo "2346"]
[PlyCount "74"]
[EventDate "2000.10.14"]
[EventType "team-tourn"]
[EventRounds "15"]
[EventCountry "GER"]
[SourceTitle "CBM 082 Extra"]
[Source "ChessBase"]
[SourceDate "2001.07.03"]
[SourceVersion "1"]
[SourceVersionDate "2001.07.03"]
[SourceQuality "1"]
[WhiteTeam "Gelsenkirchen Koenigsspringer"]
[BlackTeam "Baiertal/Schatthausen"]
[WhiteTeamCountry "GER"]
[BlackTeamCountry "GER"]

1. d4 d5 2. Nf3 Nf6 3. e3 c6 4. Nbd2 Bg4 5. c4 e6 6. Qb3 Qc7 7. Ne5 Bf5 8. Be2 h6 9. 0-0 Be7 10. f4 0-0 11. Ndf3 Bh7 12. Bd2 c5 13. Rac1 b6 14. Be1 Rd8 15. Bh4 Ne4 16. Bxe7 Qxe7 17. Rfd1 f6 18. Nd3 Nc6 19. cxd5 exd5 20. dxc5 bxc5 21. Qb5 Rd6 22. Bf1 Rb8 23. Qa4 c4 24. Nde1 Kh8 25. Qa3 Nb4 26. b3 Ra6 27. Qb2 c3 28. Rxc3 Rxa2 29. Qc1 Nxc3 30. Qxc3 Re8 31. Kh1 a5 32. Bb5 Rb8 33. Ba4 Re2 34. Nd4 Rxe3 35. Qd2 Rc8 36. f5 Rcc3 37. h3 Qe4 0-1

[Event "Bundesliga 0001"]
[Site "Germany"]
[Date "2001.01.27"]
[Round "6.5"]
[White "Balzar, Andreas"]
[Black "Nunn, John DM"]
[Result "1/2-1/2"]
[WhiteElo "2346"]
[BlackElo "2578"]
[PlyCount "104"]
[EventDate "2000.10.14"]
[EventType "team-tourn"]
[EventRounds "15"]
[EventCountry "GER"]
[SourceTitle "CBM 082 Extra"]
[Source "ChessBase"]
[SourceDate "2001.07.03"]
[SourceVersion "1"]
[SourceVersionDate "2001.07.03"]
[SourceQuality "1"]
[WhiteTeam "Baiertal/Schatthausen"]
[BlackTeam "Luebeck"]
[WhiteTeamCountry "GER"]
[BlackTeamCountry "GER"]

1. e4 c5 2. Nf3 Nc6 3. d4 cxd4 4. Nxd4 Nf6 5. Nc3 e5 6. Ndb5 d6 7. Bg5 a6 8. Na3 b5 9. Nd5 Be7 10. Nxe7 Nxe7 11. Bxf6 gxf6 12. c4 Bb7 13. cxb5 0-0 14. bxa6 Bxe4 15. Be2 Kh8 16. 0-0 Rg8 17. f3 Bc6 18. Rc1 d5 19. Kh1 Qd6 20. Nc4 Qe6 21. Na5 Bd7 22. Nb7 Nf5 23. Nc5 Qd6 24. Qd2 Bc6 25. Rf2 d4 26. b4 Ne3 27. Ne4 Bxe4 28. fxe4 Rac8 29. Rxc8 Rxc8 30. Bd3 Rc3 31. h3 Kg7 32. a3 Rxa3 33. Rf3 Qb6 34. b5 Qc5 35. Kh2 Rc3 36. Qa2 Ra3 37. Qd2 h6 38. Rg3+ Kf8 39. Rf3 f5 40. Qe2 f4 41. Qb2 Rxd3 42. b6 Nc4 43. b7 Nxb2 44. b8Q+ Kg7 45. Rxd3 Nxd3 46. a7 Ne1 47. a8Q Nf3+ 48. gxf3 Qc2+ 49. Kg1 Qd1+ 50. Kg2 Qe2+ 51. Kg1 Qe1+ 52. Kg2 Qe2+ 1/2-1/2

[Event "Bundesliga 0001"]
[Site "Germany"]
[Date "2000.10.14"]
[Round "1.7"]
[White "Balzar, Andreas"]
[Black "Hort, Vlastimil"]
[Result "1/2-1/2"]
[WhiteElo "2346"]
[BlackElo "2539"]
[PlyCount "24"]
[EventDate "2000.10.14"]
[EventType "team-tourn"]
[EventRounds "15"]
[EventCountry "GER"]
[SourceTitle "CBM 082 Extra"]
[Source "ChessBase"]
[SourceDate "2001.07.03"]
[SourceVersion "1"]
[SourceVersionDate "2001.07.03"]
[SourceQuality "1"]
[WhiteTeam "Baiertal/Schatthausen"]
[BlackTeam "Koeln Porz"]
[WhiteTeamCountry "GER"]
[BlackTeamCountry "GER"]

1. e4 e5 2. Nf3 Nc6 3. d4 exd4 4. Bc4 Nf6 5. 0-0 d6 6. Nxd4 Nxd4 7. Qxd4 Be7 8. Nc3 0-0 9. Bg5 c6 10. Rfe1 h6 11. Bh4 Qb6 12. Qd3 Qc5 1/2-1/2

[Event "BL2-Sued 9900"]
[Site "Germany"]
[Date "2000.03.12"]
[Round "7.6"]
[White "Balzar, Andreas"]
[Black "Fahnenschmidt, Gerhard"]
[Result "0-1"]
[WhiteElo "2337"]
[BlackElo "2336"]
[PlyCount "72"]
[EventDate "1999.10.10"]
[EventType "team-tourn"]
[EventRounds "9"]
[EventCountry "GER"]
[SourceTitle "CBM 075 Extra"]
[Source "ChessBase"]
[SourceDate "2000.05.11"]
[SourceVersion "2"]
[SourceVersionDate "2000.05.11"]
[SourceQuality "1"]
[WhiteTeam "Baiertal/Schatthausen"]
[BlackTeam "Sindelfingen"]
[WhiteTeamCountry "GER"]
[BlackTeamCountry "GER"]

1. e4 c5 2. Nc3 g6 3. d4 cxd4 4. Qxd4 Nf6 5. Bb5 Nc6 6. Bxc6 bxc6 7. e5 Ng8 8. Bf4 Nh6 9. Nf3 Qb6 10. Qd2 Nf5 11. 0-0 h6 12. h3 g5 13. Bh2 Rg8 14. Qd3 Nh4 15. Rad1 Nxf3+ 16. Qxf3 Ba6 17. e6 dxe6 18. Na4 Qb5 19. b3 Rc8 20. c4 Qa5 21. Qd3 f6 22. Qd7+ Kf7 23. Qxa7 c5 24. Rd7 e5 25. Rfd1 Rc6 26. Qa8 Rd6 27. Qf3 Rxd7 28. Bxe5 Rxd1+ 29. Qxd1 fxe5 30. Qf3+ Kg7 31. Qe3 e6 32. Qxe5+ Kf7 33. Qb8 Be7 34. Qa7 g4 35. hxg4 Rxg4 36. g3 Qe1+ 0-1